00400nam a22001337a 4500003000900000005001700009008004000026020001500066040002200081245005400103246006200157260002900219300001800248DO-SdBNP20171128104641.0171128b sp||||| |||| 00| 0 spa d a8422602008 aBPMSUbspacBPMSU aLos 25,000 mejores versos de la lengua castellana aLos veiticinco mil mejores versos de la lengua castellana aBarcelonabVergarac1978 a473 p.c19 cm